| 000 | 00681nam a2200241 a 4500 | ||
|---|---|---|---|
| 005 | 20210219152938.0 | ||
| 008 | 991125n 000 0 u | ||
| 035 | _aUPN01000068121 | ||
| 100 | _aTye-Murray, Nancy | ||
| 222 | 0 | _aVOLTA REVIEW | |
| 245 | 0 | _aA communication training program for parents of cochlear implant users | |
| 300 | _a21-31 | ||
| 362 | _a95, No. 1, 1993 | ||
| 505 | _aSeptiembre 1993 | ||
| 653 | 0 | _aDETERIORO DEL OIDO | |
| 653 | 0 | _aEDUCACION DE PADRES | |
| 653 | 0 | _aHABILIDAD COMUNICATIVA | |
| 653 | 0 | _aMETODOS DE ENSE\197ANZA | |
| 653 | 0 | _aRELACION PADRE-HIJO | |
| 700 | _aKelsay, Danielle M. R. | ||
| 904 |
_aAC _b005932 |
||
| 905 | _aArticulo | ||
| 999 |
_c64358 _d64358 |
||